000
00358nam a2200145 a 4500
005
20140513081056.0
008
070807s19uu xx 00 eng d
020
_a
0-382-21239-8
050
_a
P
_b
HUM 1990
245
_a
Humor.
260
_a
New Jersey :
_b
Silver Burdett & Ginn,
_c
1990.
440
_a
World of language
650
_a
Clowns
999
_c
116524
_d
116524